|
|
|
|
| LEADER |
00804nam a2200217ra 4500 |
| 001 |
c000368657 |
| 003 |
CARM |
| 005 |
00000000000000.0 |
| 008 |
851211s1965 enk 00000 eng d |
| 019 |
1 |
|
|a 4241114
|z 27083195
|z 25025690
|5 LACONCORD2021
|
| 035 |
|
|
|a (OCoLC)2400776
|5 LACONCORD2021
|
| 100 |
1 |
|
|a Parsons, Eric Albert.
|
| 245 |
1 |
0 |
|a Management in civil engineering /
|c E.A. Parsons, D.M. O'Herlihy, R.H. Rowe.
|
| 260 |
|
|
|a London :
|b Spon,
|c 1965.
|
| 300 |
|
|
|a 150 p.
|
| 650 |
|
0 |
|a Engineering
|x Management.
|
| 700 |
1 |
|
|a O'Herlihy, D. M.
|
| 700 |
1 |
|
|a Rowe, R. H.
|
| 852 |
8 |
|
|b CARM
|h A1:AL35G0
|i B10390
|p 0465218
|f BK
|
| 999 |
f |
f |
|i 4640fa27-3026-5fff-89f9-ec885a14a0c8
|s 0d2c4929-8ec8-5ea3-9beb-bcf6fd8fbc58
|
| 952 |
f |
f |
|p Can circulate
|a CAVAL
|b CAVAL
|c CAVAL
|d CARM 1 Store
|e B10390
|f A1:AL35G0
|h Other scheme
|i book
|m 0465218
|